[Event "Dublin zt"]
[Site "Dublin"]
[Date "1993.??.??"]
[Round "5"]
[White "McMahon, Daire"]
[Black "O'Connell, Gerard"]
[Result "1-0"]
[WhiteElo "2310"]
[BlackElo "2165"]
[EventDate "1993.04.??"]
[PlyCount "85"]

1.d4 Nf6 2.c4 g6 3.Nc3 d5 4.Nf3 Bg7 5.cxd5 Nxd5 6.Qb3 Nb6 7.Bg5 Be6 8.Qc2 
h6 9.Bh4 Nc6 10.Rd1 Nb4 11.Qb1 O-O 12.e4 Bg4 13.Be2 Bxf3 14.Bxf3 Nc6 15.e5
Nxd4 16.Bxb7 Rb8 17.Qe4 c5 18.f4 f5 19.exf6 exf6 20.O-O Re8 21.Qxg6 Rxb7 
22.Ne4 Nd5 23.Nxc5 Nxf4 24.Nxb7 Nxg6 25.Nxd8 f5 26.Bf2 Rxd8 27.Kh1 Ne7 28.
b4 Nec6 29.Bxd4 Bxd4 30.b5 Ne7 31.Rf3 Bb6 32.Rxd8+ Bxd8 33.Rd3 Bb6 34.a4 
Kf7 35.Ra3 Ba5 36.Rh3 Kg6 37.Rd3 Kg7 38.Rd7 Kf6 39.Rxa7 Bb4 40.Ra6+ Kg5 
41.Re6 Nd5 42.b6 Ba5 43.Re5 1-0

[Event "Dublin zt"]
[Site "Dublin"]
[Date "1993.??.??"]
[Round "5"]
[White "Parker, Jonathan"]
[Black "King, Daniel J"]
[Result "1/2-1/2"]
[WhiteElo "2350"]
[BlackElo "2500"]
[EventDate "1993.04.??"]
[PlyCount "48"]

1.d4 d6 2.Bg5 Nd7 3.c4 Ngf6 4.Nc3 e5 5.Nf3 Be7 6.Qc2 c6 7.O-O-O exd4 8.
Nxd4 Nc5 9.e4 O-O 10.Nf5 Bxf5 11.exf5 Re8 12.Be3 Nfd7 13.h4 a5 14.g4 Bxh4 
15.Rxd6 Qe7 16.Rd2 h6 17.Rh3 Bf6 18.f4 Qxe3 19.Rxe3 Rxe3 20.Re2 Rg3 21.Rg2
Rf3 22.Rf2 Rg3 23.Rg2 Rf3 24.Rf2 Rg3 1/2-1/2

[Event "Dublin zt"]
[Site "Dublin"]
[Date "1993.??.??"]
[Round "5"]
[White "Summerscale, Aaron"]
[Black "Mannion, Stephen R"]
[Result "1-0"]
[WhiteElo "2345"]
[BlackElo "2405"]
[EventDate "1993.04.??"]
[PlyCount "91"]

1.e4 e5 2.Nf3 Nc6 3.Bb5 a6 4.Ba4 Nf6 5.O-O Be7 6.Qe2 b5 7.Bb3 O-O 8.c3 d5 
9.d3 Bb7 10.Nbd2 Re8 11.a3 Bf8 12.exd5 Nxd5 13.Ne4 Qd7 14.Re1 Rad8 15.Bg5 
Be7 16.Rad1 h6 17.Bc1 Nf4 18.Bxf4 exf4 19.d4 Bf8 20.Qd3 Be7 21.Ba2 Qf5 22.
Re2 Bc8 23.Rde1 Be6 24.Bxe6 fxe6 25.a4 Kf7 26.Qd1 g5 27.Nfd2 Rd5 28.f3 
Red8 29.Nf2 R8d6 30.axb5 axb5 31.Nde4 Rd8 32.Qa1 e5 33.Ng4 Qg6 34.dxe5 
Nxe5 35.Nxe5+ Rxe5 36.Nxg5+ Rxg5 37.Rxe7+ Kf8 38.R7e2 Qd6 39.Qb1 b4 40.Qh7
Qf6 41.Qxc7 bxc3 42.bxc3 Rgd5 43.Re4 R5d6 44.Qc5 Kf7 45.Qc4+ Kf8 46.Rxf4 
1-0

[Event "Dublin zt"]
[Site "Dublin"]
[Date "1993.??.??"]
[Round "5"]
[White "Wall, Gavin"]
[Black "Levitt, Jonathan"]
[Result "0-1"]
[WhiteElo "2300"]
[BlackElo "2460"]
[EventDate "1993.04.??"]
[PlyCount "40"]

1.e4 e6 2.d4 d5 3.e5 c5 4.c3 Nc6 5.Nf3 Qb6 6.a3 c4 7.Nbd2 f6 8.exf6 Nxf6 
9.Qe2 Bd6 10.Ne5 Bxe5 11.dxe5 Nd7 12.Nf3 O-O 13.Be3 Qc7 14.Bd4 b5 15.g3 
Nxd4 16.cxd4 Qa5+ 17.b4 cxb3+ 18.Qd2 Qa4 19.Ng5 h6 20.Nh3 Nxe5 0-1

[Event "Dublin zt"]
[Site "Dublin"]
[Date "1993.??.??"]
[Round "5"]
[White "Webster, Andrew"]
[Black "Arkell, Keith C"]
[Result "1-0"]
[WhiteElo "2330"]
[BlackElo "2450"]
[EventDate "1993.04.??"]
[PlyCount "97"]

1.c4 c5 2.g3 g6 3.Bg2 Bg7 4.e3 Nf6 5.Nc3 Nc6 6.Nge2 d6 7.d4 Bd7 8.O-O O-O 
9.b3 cxd4 10.exd4 a6 11.h3 Rb8 12.d5 Na5 13.Ba3 b5 14.cxb5 axb5 15.Bb4 Qb6
16.Qd4 Qa6 17.Rfd1 Rbc8 18.Rac1 Nc4 19.Qf4 h6 20.bxc4 Rxc4 21.Rd4 Nh5 22.
Rxc4 Nxf4 23.Rxf4 Bf5 24.Rd1 Rc8 25.g4 Bc2 26.Rd2 g5 27.Rf3 Bg6 28.Re3 Bf6
29.Be4 Rc4 30.a3 Bxe4 31.Rxe4 Qc8 32.Kg2 Be5 33.f3 Rxe4 34.Nxe4 Qc4 35.
N4g3 e6 36.Ne4 exd5 37.Nxd6 Qc6 38.Nf5 Bf6 39.Nxh6+ Kh7 40.Nxf7 d4 41.Nd6 
Be5 42.Nxd4 Qc1 43.Nf7 Bf4 44.Ne2 Qc4 45.Nxf4 Qxf4 46.Nd6 Qe5 47.Ne4 Kg6 
48.Rd6+ Kh7 49.Bc3 1-0

[Event "Dublin zt"]
[Site "Dublin"]
[Date "1993.??.??"]
[Round "6"]
[White "Dunn, Andrew"]
[Black "Waters, Michael"]
[Result "1-0"]
[WhiteElo "2245"]
[BlackElo "2100"]
[EventDate "1993.04.??"]
[PlyCount "91"]

1.c4 e5 2.Nc3 Nc6 3.g3 d6 4.Bg2 f5 5.e3 Be6 6.d3 Nf6 7.Nge2 g6 8.Nd5 Bg7 
9.O-O O-O 10.Rb1 a5 11.Nec3 Rb8 12.a3 Ne7 13.Qa4 b6 14.b4 Bd7 15.Qb3 axb4 
16.axb4 c5 17.Bd2 Nc6 18.Nb5 Be8 19.Nbc7 Bf7 20.Nxf6+ Bxf6 21.Nd5 Bg7 22.
bxc5 bxc5 23.Qa4 Be8 24.Qa6 Rf7 25.Nf6+ Bxf6 26.Bxc6 Bxc6 27.Qxc6 Ra7 28.
Rb5 Rba8 29.Rfb1 Ra1 30.Kg2 Rxb1 31.Rxb1 Ra2 32.Qd5+ Kf8 33.Bc3 Qa8 34.Rb7
Be7 35.d4 cxd4 36.exd4 e4 37.Bb2 Ra7 38.Rxa7 Qxa7 39.Bc1 Kg7 40.Be3 Qa2 
41.Qe6 Qa7 42.c5 dxc5 43.dxc5 Qc7 44.c6 Bd6 45.Qd7+ Kf8 46.Bh6+ 1-0

[Event "Dublin zt"]
[Site "Dublin"]
[Date "1993.??.??"]
[Round "6"]
[White "Greer, Kieran"]
[Black "Lawson, David"]
[Result "1/2-1/2"]
[WhiteElo "2230"]
[BlackElo "2255"]
[EventDate "1993.04.??"]
[PlyCount "88"]

1.e4 c5 2.Nf3 d6 3.d4 cxd4 4.Nxd4 Nf6 5.Nc3 g6 6.Be3 Bg7 7.f3 O-O 8.Bc4 
Nc6 9.Qd2 Bd7 10.O-O Rc8 11.Nxc6 bxc6 12.Rad1 Qc7 13.Bb3 c5 14.Bc4 Be6 15.
Nd5 Nxd5 16.exd5 Bd7 17.Bg5 Bf6 18.Bxf6 exf6 19.Qc3 Kg7 20.Rde1 Rce8 21.
Rxe8 Rxe8 22.Re1 Qd8 23.Rxe8 Qxe8 24.a3 Bb5 25.Bxb5 Qxb5 26.b3 Qe2 27.Qd3 
Qe1+ 28.Qf1 Qe3+ 29.Kh1 Qd2 30.Qb1 Qxd5 31.c4 Qd4 32.h3 f5 33.Qc1 Kf6 34.
Kh2 Ke6 35.b4 cxb4 36.axb4 f6 37.Qc2 Qe5+ 38.Kh1 a5 39.bxa5 Qe1+ 40.Kh2 
Qxa5 41.Qb3 Qc5 42.Qb8 Ke5 43.Qb2+ Ke6 44.Qb1 Qe5+ 1/2-1/2

[Event "Dublin zt"]
[Site "Dublin"]
[Date "1993.??.??"]
[Round "6"]
[White "King, Daniel J"]
[Black "Smith, Andrew Philip"]
[Result "1/2-1/2"]
[WhiteElo "2500"]
[BlackElo "2265"]
[EventDate "1993.04.??"]
[PlyCount "99"]

1.c4 e5 2.g3 h5 3.Nf3 e4 4.Nh4 Be7 5.Nf5 d6 6.Nxe7 Qxe7 7.Nc3 Nf6 8.d3 Nc6
9.Bg5 exd3 10.Nd5 Qe5 11.Bxf6 gxf6 12.Qxd3 Bf5 13.Qc3 O-O-O 14.Qxe5 fxe5 
15.Bg2 h4 16.e3 Rh6 17.Rg1 hxg3 18.hxg3 Rdh8 19.Ke2 Rh2 20.Rh1 R8h7 21.
Rxh2 Rxh2 22.Rg1 Kd7 23.Bf3 Na5 24.b3 Rh8 25.g4 Bg6 26.g5 c6 27.Nf6+ Kc7 
28.Rh1 Rxh1 29.Bxh1 Bb1 30.a3 Nxb3 31.f4 exf4 32.exf4 Nc5 33.Ke3 Ba2 34.f5
Bxc4 35.g6 fxg6 36.fxg6 Ne6 37.Ne8+ Kd8 38.Nxd6 Ba6 39.Ke4 Ke7 40.Ke5 Ng7 
41.Nc8+ Kf8 42.Nxa7 Bd3 43.Nc8 Ne8 44.Be4 Bxe4 45.Kxe4 Kg7 46.Kd4 Kxg6 47.
Kc5 Kf5 48.a4 Ke6 49.Kb6 Nd6 50.Nxd6 1/2-1/2

[Event "Dublin zt"]
[Site "Dublin"]
[Date "1993.??.??"]
[Round "6"]
[White "Levitt, Jonathan"]
[Black "Howell, James C"]
[Result "1-0"]
[WhiteElo "2460"]
[BlackElo "2470"]
[EventDate "1993.04.??"]
[PlyCount "72"]

1.d4 d5 2.Nf3 e6 3.c4 dxc4 4.Qa4+ Nd7 5.Nc3 a6 6.e4 c5 7.Bxc4 cxd4 8.Nxd4 
Bd6 9.Be3 Nf6 10.Rd1 Bb8 11.Bxe6 O-O 12.Bxd7 Bxd7 13.Qb3 Qc7 14.g3 Bh3 15.
f3 Ba7 16.Kf2 Rad8 17.Rd2 Be6 18.Qd1 b5 19.Kg2 Bc8 20.Qb3 Qd7 21.Rhd1 Qh3+
22.Kg1 Nd7 23.Nd5 Ne5 24.Bf2 Nc4 25.Rc2 Bb7 26.Ne7+ Kh8 27.Rxc4 Qd7 28.
Rcc1 Qxe7 29.Nf5 Rxd1+ 30.Rxd1 Bxf2+ 31.Kxf2 Qc7 32.Qd3 Bc8 33.Qd6 Qxd6 
34.Rxd6 h6 35.Ne7 a5 36.a3 Be6 1-0

[Event "Dublin zt"]
[Site "Dublin"]
[Date "1993.??.??"]
[Round "6"]
[White "Rossiter, Philip J"]
[Black "Parker, Jonathan"]
[Result "1/2-1/2"]
[WhiteElo "2270"]
[BlackElo "2350"]
[EventDate "1993.04.??"]
[PlyCount "115"]

1.d4 d5 2.c4 e6 3.Nc3 Nf6 4.Bg5 c6 5.e3 Nbd7 6.Bd3 Qa5 7.Bh4 dxc4 8.Bxc4 
b5 9.Bd3 b4 10.Nce2 c5 11.Nh3 Bb7 12.O-O Bd6 13.a3 cxd4 14.Nxd4 Qd5 15.f3 
bxa3 16.bxa3 O-O 17.Rb1 Nc5 18.Bc2 Qe5 19.f4 Qd5 20.Rf3 Be7 21.Rg3 Rfe8 
22.Rg5 Qd7 23.Re5 Bd5 24.f5 Nfe4 25.fxe6 fxe6 26.Qg4 Bxh4 27.Qxh4 Qe7 28.
Qxe7 Rxe7 29.Nf4 Ree8 30.Nxd5 exd5 31.Rxd5 Nc3 32.Rxc5 Nxb1 33.Bxb1 Rxe3 
34.Ba2+ Kh8 35.a4 Rf8 36.h3 Ra3 37.Bb3 Rd8 38.Rc4 h6 39.Kh2 Rxd4 40.Rxd4 
Rxb3 41.Rd7 a5 42.Rd5 Ra3 43.Rxa5 Kh7 44.h4 Kg6 45.h5+ Kf6 46.g3 Kf7 47.
Kh3 Kf6 48.Kg4 Ra1 49.Rf5+ Ke6 50.Rf4 Ke5 51.Rb4 Ra3 52.Rb5+ Kf6 53.a5 
Ra4+ 54.Kh3 Ra2 55.Rb6+ Kg5 56.Rg6+ Kxh5 57.Rxg7 Rh2+ 58.Kxh2 1/2-1/2

[Event "Dublin zt"]
[Site "Dublin"]
[Date "1993.??.??"]
[Round "6"]
[White "Short, Philip M"]
[Black "Quinn, Mark"]
[Result "1-0"]
[WhiteElo "2300"]
[BlackElo "2270"]
[EventDate "1993.04.??"]
[PlyCount "79"]

1.d4 e6 2.Nf3 Nf6 3.e3 c5 4.Bd3 Be7 5.O-O O-O 6.dxc5 Bxc5 7.e4 Be7 8.e5 
Nd5 9.Be4 Nb6 10.Bf4 Nc6 11.Nc3 f5 12.exf6 Rxf6 13.Bg3 d5 14.Bd3 a6 15.Re1
Rf7 16.Qd2 Bd7 17.Ne5 Nxe5 18.Bxe5 Bc5 19.Nd1 Rc8 20.c3 Qf8 21.Qc2 g6 22.
Ne3 Bxe3 23.Rxe3 Nc4 24.Bxc4 dxc4 25.Rd1 Bc6 26.Bd6 Qe8 27.Qe2 Qd7 28.Rxe6
Re8 29.Rxe8+ Qxe8 30.Qxc4 Qe4 31.Qxe4 Bxe4 32.Bc5 Kg7 33.Rd8 Bc6 34.Bd4+ 
Kh6 35.f3 Kg5 36.Kf2 Kf5 37.Rd6 Bb5 38.g4+ Kg5 39.Kg3 Kh6 40.Kh4 1-0

[Event "Dublin zt"]
[Site "Dublin"]
[Date "1993.??.??"]
[Round "6"]
[White "Wells, Peter K"]
[Black "Ryan, Joseph"]
[Result "1-0"]
[WhiteElo "2485"]
[BlackElo "2270"]
[EventDate "1993.04.??"]
[PlyCount "45"]

1.d4 Nf6 2.Nf3 e6 3.c4 c5 4.e3 cxd4 5.exd4 d5 6.Nc3 Nc6 7.cxd5 Nxd5 8.Bd3 
Be7 9.O-O O-O 10.Re1 Bf6 11.Be4 Qd6 12.h4 Rd8 13.Bg5 h6 14.Bxd5 hxg5 15.
Bxc6 g4 16.Ne5 bxc6 17.Qe2 Bxh4 18.Ne4 Qd5 19.Qxg4 Be7 20.Qh5 Rf8 21.Re3 
f6 22.Ng5 fxe5 23.Qh7# 1-0

[Event "Dublin zt"]
[Site "Dublin"]
[Date "1993.??.??"]
[Round "7"]
[White "Arkell, Keith C"]
[Black "Daly, Colm"]
[Result "1-0"]
[WhiteElo "2450"]
[BlackElo "2275"]
[EventDate "1993.04.??"]
[PlyCount "167"]

1.d4 Nf6 2.Nf3 g6 3.g3 Bg7 4.Bg2 O-O 5.O-O d6 6.c4 Nbd7 7.Nc3 e5 8.Qc2 Re8
9.b3 c6 10.e3 exd4 11.Nxd4 h5 12.Ba3 Qe7 13.Rad1 Nc5 14.e4 h4 15.Rfe1 hxg3
16.hxg3 Bg4 17.f3 Bd7 18.b4 Ne6 19.Nxe6 Bxe6 20.b5 c5 21.Qd3 Nd7 22.f4 
Bd4+ 23.Kf1 Qf6 24.Ne2 Ne5 25.Qc2 Nxc4 26.Nxd4 cxd4 27.Bb2 Nxb2 28.Qxb2 
Rac8 29.Qxd4 Qxd4 30.Rxd4 Bxa2 31.b6 axb6 32.Rxd6 b5 33.e5 Rc2 34.Bxb7 Rb8
35.Be4 Rb2 36.Rc1 Bc4+ 37.Kg1 Kg7 38.g4 Rh8 39.Rc2 Rxc2 40.Bxc2 Rh3 41.f5 
Rc3 42.Be4 Re3 43.Rd4 Rg3+ 44.Kf2 Rxg4 45.fxg6 fxg6 46.Rd2 Kh6 47.Kf3 Rg1 
48.Rd6 Kh5 49.e6 Rf1+ 50.Ke3 Re1+ 51.Kf4 g5+ 52.Kf5 Rf1+ 53.Ke5 Bxe6 54.
Rxe6 g4 55.Rg6 Re1 56.Rg8 Kh4 57.Kd4 Rf1 58.Bd3 Rf4+ 59.Ke5 Rb4 60.Kf5 Kg3
61.Be4 Kf2 62.Rxg4 Ke3 63.Ke5 Kd2 64.Rg2+ Kc3 65.Rc2+ Kb3 66.Rc8 Kb2 67.
Kd5 Ka3 68.Bd3 Rb3 69.Kd4 Kb2 70.Rc2+ Ka1 71.Rd2 b4 72.Kc4 Rc3+ 73.Kxb4 
Rb3+ 74.Kc4 Rc3+ 75.Kd4 Rc8 76.Bc4 Rd8+ 77.Bd5 Rc8 78.Re2 Rd8 79.Rd2 Rc8 
80.Kd3 Rd8 81.Kc3 Rb8 82.Bb3 Rc8+ 83.Bc4 Rb8 84.Rd5 1-0

[Event "Dublin zt"]
[Site "Dublin"]
[Date "1993.??.??"]
[Round "7"]
[White "Costello, Colin"]
[Black "Brady, Stephen"]
[Result "0-1"]
[WhiteElo "2245"]
[BlackElo "2305"]
[EventDate "1993.04.??"]
[PlyCount "62"]

1.c4 c5 2.Nc3 Nc6 3.Nf3 Nd4 4.e3 Nxf3+ 5.Qxf3 g6 6.d4 Bg7 7.Qd1 Nh6 8.Bd3 
O-O 9.O-O cxd4 10.exd4 d6 11.Re1 Nf5 12.d5 a6 13.Bg5 h6 14.Bf4 Bd7 15.Rc1 
b5 16.cxb5 axb5 17.Bxf5 Bxf5 18.Qb3 Rb8 19.Be3 b4 20.Ne2 e5 21.Rc6 Rb5 22.
a4 Rb7 23.Rec1 Bd7 24.R6c4 Qa5 25.Nc3 Rfb8 26.Nb5 Bxb5 27.axb5 Rxb5 28.
Rc8+ Rxc8 29.Rxc8+ Kh7 30.Bd2 Rxd5 31.Qxb4 Qxb4 0-1

[Event "Dublin zt"]
[Site "Dublin"]
[Date "1993.??.??"]
[Round "7"]
[White "James, David J"]
[Black "Wells, Peter K"]
[Result "0-1"]
[WhiteElo "2285"]
[BlackElo "2485"]
[EventDate "1993.04.??"]
[PlyCount "98"]

1.d4 Nf6 2.c4 g6 3.Nc3 Bg7 4.e4 d6 5.f3 O-O 6.Be3 c5 7.dxc5 dxc5 8.Qxd8 
Rxd8 9.Bxc5 Nc6 10.Nd5 Nd7 11.Nxe7+ Nxe7 12.Bxe7 Bxb2 13.Bxd8 Bxa1 14.Nh3 
Bc3+ 15.Kd1 Be5 16.Nf2 Nb6 17.Nd3 Bd4 18.Nc1 Na4 19.Ba5 Be6 20.Nb3 Be5 21.
Nd2 b6 22.Bb4 a5 23.Ba3 Nc3+ 24.Kc2 Nxa2 25.g3 Nb4+ 26.Kc1 Rd8 27.Be2 Bd7 
28.f4 Bc3 29.Nb3 Bc6 30.Rd1 Rxd1+ 31.Bxd1 Bxe4 32.Be2 Na2+ 33.Kd1 Nb4 34.
Nd2 Bc2+ 35.Kc1 Bf5 36.Nf3 f6 37.Nh4 Be4 38.Bf3 Bd3 39.Bd5+ Kg7 40.Ng2 f5 
41.Ne3 h5 42.Kd1 Bd4 43.Kd2 Be4 44.Bc1 a4 45.Ke2 Bd3+ 46.Kf3 b5 47.Ba3 
Nxd5 48.cxd5 Kf7 49.Nd1 Be4+ 0-1

[Event "Dublin zt"]
[Site "Dublin"]
[Date "1993.??.??"]
[Round "7"]
[White "Rayner, Francis"]
[Black "Clarke, Thomas"]
[Result "1-0"]
[WhiteElo "2270"]
[BlackElo "2205"]
[EventDate "1993.04.??"]
[PlyCount "41"]

1.c4 e5 2.Nc3 Nf6 3.Nf3 Nc6 4.e3 Bb4 5.Qc2 O-O 6.Nd5 Re8 7.Qf5 Nxd5 8.cxd5
d6 9.Qe4 Nd4 10.Nxd4 exd4 11.Qxd4 a5 12.Bb5 Re5 13.Be2 Qg5 14.Bf3 Bd7 15.
O-O Rae8 16.d3 f5 17.Qc4 f4 18.exf4 Re1 19.Qxb4 Qe7 20.Qc3 Bb5 21.Be3 1-0

[Event "Dublin zt"]
[Site "Dublin"]
[Date "1993.??.??"]
[Round "7"]
[White "Wall, Gavin"]
[Black "O'Connell, Gerard"]
[Result "1-0"]
[WhiteElo "2300"]
[BlackElo "2165"]
[EventDate "1993.04.??"]
[PlyCount "62"]

1.d4 Nf6 2.Nf3 g6 3.Bf4 Bg7 4.h3 d5 5.e3 O-O 6.Bd3 c5 7.c3 b6 8.O-O Bb7 9.
a4 Nbd7 10.Qe2 Re8 11.Ne5 Nxe5 12.Bxe5 Ne4 13.Bxg7 Kxg7 14.a5 Nd6 15.f4 f6
16.Bb5 Nxb5 17.Qxb5 Qc7 18.Nd2 Bc6 19.Qd3 e5 20.fxe5 fxe5 21.Rf2 Rf8 22.
Rxf8 Rxf8 23.axb6 axb6 24.Rf1 Rxf1+ 25.Qxf1 exd4 26.exd4 Qg3 27.Qe2 Kf6 
28.Nf3 Bd7 29.Qe3 Qd6 30.Qh6 cxd4 31.Nxd4 Qe5 1-0

[Event "Dublin zt"]
[Site "Dublin"]
[Date "1993.??.??"]
[Round "7"]
[White "Webster, Andrew"]
[Black "King, Daniel J"]
[Result "1-0"]
[WhiteElo "2330"]
[BlackElo "2500"]
[EventDate "1993.04.??"]
[PlyCount "65"]

1.c4 g6 2.g3 Bg7 3.Bg2 d6 4.Nc3 e5 5.e4 Nc6 6.Nge2 h5 7.h4 Nh6 8.d3 Be6 9.
Nd5 O-O 10.O-O f5 11.Bg5 Qd7 12.Qd2 Kh7 13.b4 Nd8 14.d4 Nc6 15.Nf6+ Bxf6 
16.Bxh6 Bxc4 17.Bxf8 Rxf8 18.exf5 Qxf5 19.d5 Nd4 20.Nxd4 exd4 21.Rac1 Bxf1
22.Rxc7+ Bg7 23.Bxf1 Rf7 24.Bd3 Qf6 25.Rxf7 Qxf7 26.Qg5 Bf6 27.Qxh5+ Kg7 
28.Qg4 Qe8 29.Kg2 Qf7 30.Kh3 Qe8 31.f4 Kh6 32.Qe6 Qe7 33.g4 1-0

[Event "Dublin zt"]
[Site "Dublin"]
[Date "1993.??.??"]
[Round "8"]
[White "Brady, Stephen"]
[Black "Barry, Colm"]
[Result "0-1"]
[WhiteElo "2305"]
[BlackElo "2275"]
[EventDate "1993.04.??"]
[PlyCount "86"]

1.e4 e5 2.Nf3 d6 3.d4 Nd7 4.Bc4 c6 5.O-O Be7 6.dxe5 dxe5 7.a4 Ngf6 8.Re1 
O-O 9.c3 a5 10.Nbd2 Qc7 11.Qc2 Nc5 12.h3 Bd7 13.Bf1 Be6 14.Ng5 Bd7 15.Ngf3
Be6 16.b3 h6 17.Ba3 Rfe8 18.Bc4 Bd7 19.Bf1 Bf8 20.Rad1 Rad8 21.Bc4 Ne6 22.
Bxf8 Kxf8 23.Bf1 Ng5 24.Nxg5 hxg5 25.b4 Nh5 26.g3 Be6 27.Nc4 axb4 28.cxb4 
g6 29.Qc1 f6 30.Ne3 Ng7 31.Kg2 Bb3 32.Qc5+ Qe7 33.Rxd8 Rxd8 34.a5 Qxc5 35.
bxc5 Ne6 36.Rc1 Ra8 37.Bc4 Nxc5 38.Rb1 Ba4 39.a6 b5 40.Rc1 Nxa6 41.Be2 Nb4
42.Kf3 Rd8 43.Rb1 Rd4 0-1

[Event "Dublin zt"]
[Site "Dublin"]
[Date "1993.??.??"]
[Round "8"]
[White "Costello, Colin"]
[Black "Waters, Michael"]
[Result "0-1"]
[WhiteElo "2245"]
[BlackElo "2100"]
[EventDate "1993.04.??"]
[PlyCount "56"]

1.c4 e5 2.Nc3 d6 3.Nf3 f5 4.d3 Nf6 5.g3 Be7 6.Bg2 O-O 7.O-O Nbd7 8.Rb1 a5 
9.a3 c6 10.b4 axb4 11.axb4 Qe8 12.Qb3 Kh8 13.Bb2 f4 14.d4 Qh5 15.Qc2 fxg3 
16.hxg3 Ng4 17.Rfd1 exd4 18.Rxd4 Nde5 19.Ra1 Rxa1+ 20.Bxa1 Rxf3 21.exf3 
Nxf3+ 22.Bxf3 Qh2+ 23.Kf1 Ne3+ 24.fxe3 Qxc2 25.Re4 Bh3+ 26.Kg1 Bf8 27.Re8 
Kg8 28.Nd1 Qg6 0-1

[Event "Dublin zt"]
[Site "Dublin"]
[Date "1993.??.??"]
[Round "8"]
[White "King, Daniel J"]
[Black "Quinn, Mark"]
[Result "1/2-1/2"]
[WhiteElo "2500"]
[BlackElo "2270"]
[EventDate "1993.04.??"]
[PlyCount "78"]

1.d4 Nf6 2.Nf3 e6 3.g3 c5 4.Bg2 Nc6 5.O-O d5 6.c4 dxc4 7.dxc5 Qxd1 8.Rxd1 
Bxc5 9.Nbd2 c3 10.bxc3 O-O 11.Nb3 Be7 12.Nfd4 Rd8 13.Bf4 Nd5 14.Nxc6 bxc6 
15.Na5 Ba6 16.Nxc6 Re8 17.Nb4 Bxb4 18.cxb4 Bxe2 19.Bxd5 exd5 20.Rxd5 Re4 
21.a3 Rae8 22.Be3 a6 23.Rc1 Bb5 24.h4 h6 25.Kg2 R4e6 26.Rdc5 Rd6 27.R1c3 
Rd1 28.Rf5 Rd7 29.g4 Bd3 30.Ra5 Re6 31.a4 Re4 32.b5 axb5 33.axb5 Rxg4+ 34.
Kf3 Rxh4 35.b6 Rb4 36.Ra8+ Kh7 37.Ra7 Be4+ 38.Kg3 Rxa7 39.bxa7 Ra4 1/2-1/2

[Event "Dublin zt"]
[Site "Dublin"]
[Date "1993.??.??"]
[Round "8"]
[White "Lawson, David"]
[Black "Duncan, Christopher R"]
[Result "0-1"]
[WhiteElo "2255"]
[BlackElo "2285"]
[EventDate "1993.04.??"]
[PlyCount "60"]

1.e4 c5 2.c3 e5 3.Nf3 Nc6 4.d4 exd4 5.cxd4 cxd4 6.Nxd4 Nf6 7.Nc3 Bb4 8.Bc4
O-O 9.O-O Bxc3 10.bxc3 Nxe4 11.Ba3 d6 12.Re1 Na5 13.Bd3 Nc5 14.Bc2 Qf6 15.
Nb5 b6 16.Nc7 Rb8 17.Nd5 Qh4 18.Ne7+ Kh8 19.Qxd6 Be6 20.Bxc5 Rbd8 21.Ng6+ 
hxg6 22.Qxf8+ Rxf8 23.Bxf8 Qg5 24.f4 Qf6 25.Re3 Nc4 26.Rd3 Kg8 27.Bd6 Nxd6
28.Rxd6 Qxc3 29.Rd8+ Kh7 30.Bxg6+ Kxg6 0-1

[Event "Dublin zt"]
[Site "Dublin"]
[Date "1993.??.??"]
[Round "8"]
[White "Ludgate, Alan"]
[Black "James, David J"]
[Result "1/2-1/2"]
[WhiteElo "2250"]
[BlackElo "2285"]
[EventDate "1993.04.??"]
[PlyCount "119"]

1.c4 c5 2.Nc3 Nc6 3.g3 g6 4.Bg2 Bg7 5.a3 e5 6.d3 Nge7 7.Nf3 d6 8.O-O O-O 
9.Rb1 a5 10.Bg5 f6 11.Be3 Be6 12.Ne1 f5 13.Bg5 Qd7 14.Nc2 f4 15.Bxe7 Nxe7 
16.Ne4 h6 17.b4 axb4 18.axb4 b6 19.bxc5 bxc5 20.Rb6 Bh3 21.Rxd6 Qc8 22.Rb6
Bxg2 23.Kxg2 Ra2 24.Qb1 Qa8 25.Rb2 Rxb2 26.Qxb2 Rb8 27.Qa3 Qxa3 28.Nxa3 
Rc8 29.Nb5 Nf5 30.Ra1 fxg3 31.hxg3 Nd4 32.Nbc3 h5 33.Ra5 Bf8 34.Ra7 Bg7 
35.Nd5 Nf5 36.Rc7 Rxc7 37.Nxc7 Bf8 38.Ne6 Nd4 39.Nxf8 Kxf8 40.Nxc5 Nxe2 
41.Nd7+ Ke7 42.Nxe5 Kf6 43.Nf3 g5 44.Kf1 Nc1 45.Ne1 Ke5 46.c5 Kd5 47.d4 
Nb3 48.Nc2 Nd2+ 49.Kg2 Ne4 50.f3 Nf6 51.Kf2 Kc4 52.Ke3 h4 53.g4 Kc3 54.Ne1
Nd5+ 55.Kf2 Kxd4 56.c6 Kc5 57.Nd3+ Kd6 58.Kg1 Nc7 59.Nb4 Kc5 60.Nd3+ 
1/2-1/2

[Event "Dublin zt"]
[Site "Dublin"]
[Date "1993.??.??"]
[Round "8"]
[White "Mannion, Stephen R"]
[Black "Rayner, Francis"]
[Result "1-0"]
[WhiteElo "2405"]
[BlackElo "2270"]
[EventDate "1993.04.??"]
[PlyCount "85"]

1.e4 e5 2.Nf3 d6 3.d4 exd4 4.Nxd4 g6 5.Nc3 Bg7 6.Be3 Nf6 7.Qd2 O-O 8.O-O-O
Nc6 9.f3 Nxd4 10.Bxd4 Be6 11.g4 c5 12.Be3 Qa5 13.a3 Rfd8 14.Bg5 b5 15.Nxb5
Qb6 16.c4 Rab8 17.Qf4 a6 18.Bxf6 Bxf6 19.Qxf6 axb5 20.h4 bxc4 21.h5 c3 22.
Qxc3 d5 23.exd5 Rxd5 24.Rxd5 Bxd5 25.h6 f6 26.Bc4 Bxc4 27.Qxc4+ Kf8 28.Rh2
Rd8 29.Rc2 Rc8 30.Re2 Qc6 31.Re4 Rd8 32.Kb1 Qd6 33.Re6 Qd1+ 34.Ka2 Qxf3 
35.Qxc5+ Kg8 36.Qc4 Kf8 37.Rc6 Rd7 38.Rc8+ Ke7 39.Qc5+ Rd6 40.Rc7+ Ke6 41.
Rxh7 Qh1 42.Rh8 Rd1 43.Re8+ 1-0

[Event "Dublin zt"]
[Site "Dublin"]
[Date "1993.??.??"]
[Round "8"]
[White "McNab, Colin A"]
[Black "Parker, Jonathan"]
[Result "1/2-1/2"]
[WhiteElo "2490"]
[BlackElo "2350"]
[EventDate "1993.04.??"]
[PlyCount "107"]

1.c4 f5 2.Nc3 Nf6 3.d4 e6 4.g3 d5 5.Bg2 c6 6.Nh3 Bd6 7.Bf4 O-O 8.O-O b6 9.
Qc2 Na6 10.Rad1 Kh8 11.a3 Nc7 12.b4 Ba6 13.c5 Bxf4 14.Nxf4 Bc4 15.Nd3 Nd7 
16.Nb2 Ba6 17.f4 Qf6 18.Rf2 bxc5 19.bxc5 Rfb8 20.e3 Rb7 21.Bf1 Rab8 22.Rb1
Bxf1 23.Rfxf1 Nb5 24.Nxb5 Rxb5 25.Nd3 Qd8 26.Rxb5 Rxb5 27.a4 Rb7 28.Rb1 
Qb8 29.Rb2 Rxb2 30.Qxb2 Qxb2 31.Nxb2 Kg8 32.Nd3 Kf7 33.Nb4 Nb8 34.Kf2 Kf6 
35.Kf3 h5 36.Kg2 Kg6 37.Kh3 Kh7 38.Kh4 Kh6 39.h3 Kg6 40.g4 hxg4 41.hxg4 
fxg4 42.Kxg4 Kf6 43.Nd3 Nd7 44.Nc1 Nb8 45.Nb3 Na6 46.Na5 Nb4 47.Kf3 Ke7 
48.Ke2 Kd7 49.Nb7 Na6 50.Nd6 Ke7 51.Kd3 Nb4+ 52.Kc3 Na6 53.Kb3 Kf8 54.Kc3 
1/2-1/2

[Event "Dublin zt"]
[Site "Dublin"]
[Date "1993.??.??"]
[Round "8"]
[White "Sadler, Matthew D"]
[Black "Webster, Andrew"]
[Result "1/2-1/2"]
[WhiteElo "2540"]
[BlackElo "2330"]
[EventDate "1993.04.??"]
[PlyCount "109"]

1.d4 g6 2.c4 Bg7 3.e4 d6 4.Nc3 Nc6 5.d5 Nd4 6.Be3 c5 7.Nge2 Qb6 8.Qd2 Nf6 
9.f3 Nd7 10.Rd1 O-O 11.b3 Nxe2 12.Bxe2 f5 13.exf5 gxf5 14.g3 Qb4 15.Rc1 
Ne5 16.O-O a6 17.Bh6 Rf7 18.Bxg7 Rxg7 19.Rfe1 b5 20.f4 Ng4 21.Bd3 Bd7 22.
Re2 Rf8 23.Rce1 Rff7 24.Nb1 Qxd2 25.Nxd2 Kf8 26.Nf3 Ke8 27.Ng5 Rf6 28.cxb5
axb5 29.Ne6 Bxe6 30.Rxe6 b4 31.a3 bxa3 32.Ra1 h5 33.Rxa3 h4 34.Ra7 hxg3 
35.hxg3 Rgf7 36.Bb5+ Kf8 37.Ra8+ Kg7 38.Re8 Rh6 39.R8xe7 Rh3 40.Rxf7+ Kxf7
41.Kg2 Rh2+ 42.Kf1 Rh1+ 43.Ke2 Rh6 44.Be8+ Kg7 45.Bd7 Kf7 46.Be8+ Kg7 47.
Rxh6 Kxh6 48.Bd7 Kg6 49.Be6 Nf6 50.Ke3 Nh5 51.Kf3 Nf6 52.Ke3 Nh5 53.Kf2 
Nf6 54.Kf3 Ng4 55.Bd7 1/2-1/2

[Event "Dublin zt"]
[Site "Dublin"]
[Date "1993.??.??"]
[Round "8"]
[White "Wells, Peter K"]
[Black "Short, Philip M"]
[Result "1-0"]
[WhiteElo "2485"]
[BlackElo "2300"]
[EventDate "1993.04.??"]
[PlyCount "105"]

1.d4 Nf6 2.c4 d6 3.Nc3 Nbd7 4.Nf3 e5 5.Bg5 Be7 6.Qc2 c6 7.e3 Qa5 8.Bd3 h6 
9.Bh4 O-O 10.O-O Re8 11.a3 Qc7 12.Rad1 a6 13.b4 b6 14.h3 exd4 15.Nxd4 Ne5 
16.Be2 Bd7 17.Nf5 Bxf5 18.Qxf5 b5 19.cxb5 axb5 20.Qc2 Qb6 21.Bxf6 Bxf6 22.
Rxd6 Qb8 23.Rxf6 gxf6 24.Ne4 Re6 25.f4 Nd7 26.Bg4 Qe8 27.Bxe6 Qxe6 28.Ng3 
Qxe3+ 29.Kh2 Qe6 30.Rf3 Re8 31.Nf5 Qe4 32.Nxh6+ Kg7 33.Nf5+ Kf8 34.Qxe4 
Rxe4 35.Kg3 Nb6 36.Re3 Re6 37.Rd3 Nc4 38.h4 Kg8 39.h5 Re8 40.h6 Ra8 41.Kg4
Nxa3 42.Kh5 Nc4 43.Rg3+ Kh8 44.Rg7 Rf8 45.g4 c5 46.bxc5 b4 47.h7 Ne3 48.
Rg8+ Rxg8 49.hxg8=Q+ Kxg8 50.Nxe3 b3 51.Nc4 Kf8 52.Kh6 Ke7 53.Kg7 1-0

[Event "Dublin zt"]
[Site "Dublin"]
[Date "1993.??.??"]
[Round "9"]
[White "Barry, Colm"]
[Black "Arkell, Keith C"]
[Result "0-1"]
[WhiteElo "2275"]
[BlackElo "2450"]
[EventDate "1993.04.??"]
[PlyCount "106"]

1.e4 c6 2.d4 d5 3.Nc3 dxe4 4.Nxe4 Nd7 5.Bc4 Ngf6 6.Ng5 e6 7.Qe2 Nb6 8.Bb3 
a5 9.c3 h6 10.N5f3 a4 11.Bc2 Qd5 12.Bf4 Nc4 13.Bd3 b5 14.Be5 Be7 15.h4 a3 
16.b3 Nxe5 17.dxe5 Qc5 18.Rc1 Nd5 19.Qd2 Bb7 20.Ne2 Rd8 21.O-O Qb6 22.b4 
Qc7 23.h5 Nb6 24.Ned4 Nc4 25.Qf4 Bg5 26.Nxg5 hxg5 27.Qxg5 Qxe5 28.Qxe5 
Nxe5 29.Be2 Ke7 30.f4 Nc4 31.Bxc4 bxc4 32.g4 g6 33.hxg6 Rh4 34.gxf7 Rxg4+ 
35.Kf2 Rxf4+ 36.Ke3 Rxf7 37.Rxf7+ Kxf7 38.Rf1+ Ke7 39.Rg1 Kd6 40.Rg6 Bc8 
41.Ke4 Rf8 42.Nf3 Bb7 43.Ke3 Ba6 44.Ng5 Kd5 45.Nf3 Re8 46.Rg5+ e5 47.Rg7 
Bc8 48.Ra7 Rg8 49.Rxa3 Rg3 50.Ra5+ Kd6 51.Kf2 Rh3 52.Ra8 Bg4 53.Rd8+ Ke7 
0-1